| 000 | 00599nam a22002297a 4500 | ||
|---|---|---|---|
| 003 | OSt | ||
| 005 | 20220107122812.0 | ||
| 008 | 160510b xxu||||| |||| 00| 0 eng d | ||
| 020 | _a9780470973929 | ||
| 040 | _cIIITMK | ||
| 082 | _a005.133R CRA/R | ||
| 100 |
_aCrawley, Michael J _99299 |
||
| 245 |
_aThe R book _cMichael J Crawley |
||
| 250 | _a2 | ||
| 260 |
_aUK, _bJohn Wiley & Sons, _c2013. |
||
| 300 | _axxiv, 1051p. | ||
| 650 |
_aCOMPUTER SCIENCE _99300 |
||
| 650 |
_aMATHEMATICAL STATISTICS _99301 |
||
| 650 |
_aDATA PROCESSING _99302 |
||
| 650 |
_aR PROGRAMMING _99303 |
||
| 942 |
_2ddc _cBK |
||
| 999 |
_c5133 _d5133 |
||